События Года — 2023 - Statistics

General Stats
  • This quiz has been taken 47 times
  • The average score is 9 of 21
Answer Stats
Подсказка Ответ % Correct
Илон Маск дает Твиттеру новое (очень лаконичное) название X
90%
Эта страна становится самой многонаселенной в мире, обойдя Китай Индия
88%
Израиль начинает разрушительную операцию против ХАМАС в этом регионе Сектор Газа
78%
Эта военная группировка организовывает однодневный мятеж ЧВК "Вагнер"
73%
OpenAI представляет улучшенную модель этого чат-бота ChatGPT-4
68%
Филипп Кирокоров "перепутал" эту вещь, оказавшись на скандальной вечеринке Дверь
60%
Эта страна вступает в НАТО после 76 лет нейтралитета Финляндия
58%
Выходит эта российская игра в антураже СССР будущего Atomic Heart
55%
Венесуэла предъявляет территориальные претензии к этой быстро разбогатевшей стране Гайана
43%
Проходит коронация британского принца Чарльза, теперь известного как Карл III
43%
А также породил множество мемов, объеденившись вместе с другим фильмом Оппенгеймер
38%
США и Великобритания начинают войну против хуситов в этой стране Йемен
38%
Самым кассовым российским фильмом, в свою очередь, стал этот ремейк Чебурашка
35%
Этот фильм становится самым кассовым в мировом прокате этого года... Барби
30%
В этой африканской стране организовывается военный переворот, вызывая кризис во всем регионе Нигер
28%
В Аргентине президентом становится эта эксцентричная личность Хавьер Милей
28%
Time объявляет человеком года эту певицу Тейлор Свифт
25%
Этот президент возвоащается к власти в Бразилии Лула да Силва
18%
Стоимость этой компании, базирующейся на производстве чипов, превышает 1 триллион долларов Nvidia
13%
Эта звезда сериала "Друзья" внезапно умирает от остановки сердца Мэттью Перри
10%
Эта организация становится новым членом Большой Двадцатки Африканский союз
5%
No matching quizzes found
Score Distribution
Percent of People with Each Score
Percentile by Number Answered
Your Score History
You have not taken this quiz